000 00677nam a2200289Ia 4500
005 20260324125855.0
008 008 260324s9999 xx 000 0 eng d
020 _a9781315252292
037 _aEBOOK
040 _aCRL
040 _beng
040 _cCRL
041 _2eng
041 _aeng
084 _qCRL
100 _aLloyd Davies
_91179654
245 0 _aInformal Learning
245 2 _bA New Model for Making Sense of Experience
260 _bTaylor and Francis
260 _c2008
365 _a
365 _b230
856 _uhttp://www.taylorfrancis.com/books/9781315252292
942 _cEBOOK
999 _c1775287
_d1775287